| 000 | 00531nam a2200169Ia 4500 | ||
|---|---|---|---|
| 999 |
_c22168 _d22168 |
||
| 003 | OSt | ||
| 005 | 20200319114408.0 | ||
| 008 | 190216s9999||||xx |||||||||||||| ||und|| | ||
| 040 | _coclc | ||
| 082 |
_a954.830088297 _bKUN/M |
||
| 100 |
_aKunji, P K Muhammad _91955 |
||
| 245 | 0 |
_aMuslimingalum Kerala Samskaravum / _cP K Muhammad Kunji |
|
| 260 |
_bKerala Sahithya Academy, _aTrissur: _c1982. |
||
| 300 | _a364p | ||
| 650 | _xIslamic History | ||
| 942 |
_cBK _2ddc _h954.830088297 _iKUN/M _k954.830088297 _mKUN/M |
||